Economic Survey, Manipur (Record no. 19250)

MARC details
000 -LEADER
fixed length control field 00651nam a2200229 a 4500
020 ## - INTERNATIONAL STANDARD BOOK NUMBER
ISBN
082 00 - DEWEY DECIMAL CLASSIFICATION NUMBER
Classification number 330.05416
Author Cutter DIR
100 ## - MAIN ENTRY--AUTHOR NAME
Author name Directorate Of Economics And Statistics,
245 ## - TITLE STATEMENT
Title Economic Survey, Manipur
Sub title 2006-07
260 ## - PUBLICATION, DISTRIBUTION, ETC. (IMPRINT)
Place of publication Manipur
Name of publisher Directorate of Economics and Statistics
Year of publication 2007
300 ## - PHYSICAL DESCRIPTION
Number of Pages 267p
500 ## - GENERAL NOTE
General note includes index and biblioraphy
650 ## - SUBJECT ADDED ENTRY--TOPICAL TERM
Topical Term Economics-India-north East
942 ## - ADDED ENTRY ELEMENTS (KOHA)
Koha item type Books
700 1# -
-- Directorate Of Economics And Statistics,
Holdings
Collection code Home library Current library Date acquired Cost, normal purchase price Full call number Accession Number Koha item type
  Henry Martyn Institute Library Henry Martyn Institute Library 04/08/2008 100.00 330.05416 DIR 11002079 Books
                   Copyright © 2026 | Henry Martyn Institute | Hyderabad | TS-500052 | INDIA | Implemented by hmi.edu.in
Hit-Count:

Powered by Koha